| 000 | 00578 a2200169 4500 | ||
|---|---|---|---|
| 003 | Nust | ||
| 005 | 20230301181001.0 | ||
| 040 | _cNust | ||
| 082 | _a327.5491054,BEG | ||
| 100 |
_aBeg, Aziz _99260 |
||
| 245 |
_aPakistan faces India / _cAziz Beg |
||
| 260 |
_aLahore _bBabur Pub. |
||
| 300 | _a282 p. | ||
| 505 | _aMilestone (Page-17), Slings And Arrows (Page-49), The Kashmir Kingpin (Page-69), Enemy Number One (Page-89), The Showdown (Page-107), Balance Of Terror (Page-137), Fact And Fancy (Page-155), The Hindu Mind (Page-177). | ||
| 650 | _aPakistan | ||
| 942 |
_2ddc _cBK |
||
| 999 |
_c184242 _d184242 |
||